Missouri's ice age animals. (Record no. 29688)

MARC details
000 -LEADER
fixed length control field 00917cam a22002531 4500
001 - CONTROL NUMBER
control field gs 63000175
003 - CONTROL NUMBER IDENTIFIER
control field DLC
005 - DATE AND TIME OF LATEST TRANSACTION
control field 20260227111412.0
008 - FIXED-LENGTH DATA ELEMENTS--GENERAL INFORMATION
fixed length control field 761217s1962 mouab b s000 0 eng c
010 ## - LIBRARY OF CONGRESS CONTROL NUMBER
LC control number gs 63000175
035 ## - SYSTEM CONTROL NUMBER
System control number (OCoLC)2630291
040 ## - CATALOGING SOURCE
Original cataloging agency U.S. Geol. Survey Lib.
Transcribing agency VtU
Modifying agency OCoLC
-- DLC
042 ## - AUTHENTICATION CODE
Authentication code premarc
050 00 - LIBRARY OF CONGRESS CALL NUMBER
Classification number QE741
Item number .M4
100 1# - MAIN ENTRY--PERSONAL NAME
Personal name Mehl, Maurice G.
Fuller form of name (Maurice Goldsmith),
Dates associated with a name 1887-1966.
245 10 - TITLE STATEMENT
Title Missouri's ice age animals.
260 ## - PUBLICATION, DISTRIBUTION, ETC.
Place of publication, distribution, etc. Rola,
Name of publisher, distributor, etc. State of Missouri, Dept. of Business and Administration, Division of Geological Survey and Water Resources,
Date of publication, distribution, etc. 1962.
300 ## - PHYSICAL DESCRIPTION
Extent xi, 104 p.
Other physical details illus., maps, diagrs.
Dimensions 23 x 31 cm.
410 10 - SERIES STATEMENT/ADDED ENTRY--CORPORATE NAME [OBSOLETE, CAN/MARC], [LOCAL, USA]
Corporate name or jurisdiction name as entry element Missouri.
Subordinate unit Division of Geological Survey and Water Resources.
Title of a work Educational series,
Volume number/sequential designation no. 1
500 ## - GENERAL NOTE
General note Cover title.
504 ## - BIBLIOGRAPHY, ETC. NOTE
Bibliography, etc. note Bibliography: p. 103-104.
650 #0 - SUBJECT ADDED ENTRY--TOPICAL TERM
Topical term or geographic name entry element Paleontology
Chronological subdivision Pleistocene.
650 #0 - SUBJECT ADDED ENTRY--TOPICAL TERM
Topical term or geographic name entry element Paleontology
Geographic subdivision Missouri.

No items available.

Powered by Koha